000 00453nam a2200157 4500
999 _c5826
_d5826
008 161122b xxu||||| |||| 00| 0 eng d
022 _a9770118389007
082 _aDPer 641.05 F73 Mar-Jul 2013
100 _917726
_aNachura, Aby
245 _aChicken wing flings/
_cAby Nachura.
260 _aQuezon City:
_bABS CBN Publishing, Inc.,
_c©2013.
300 _apages 72-73;
_c30 cm.
500 _aFood.
650 0 _917727
_aFood
942 _2ddc
_cPER